000 00702nam a22002177a 4500
003 UA-OsUOA
001 125714
007 ta
008 20170925b un ||||| |||| 00| 0 ukr d
100 _aТулуш Л. Д.
090 _a330(477)
_bТ82
942 _cSA
040 _aUA-OsUOA
_bukr
_cUA-OsUOA
_dUA-OsUOA
245 _aКонцептуальні засади реформування та розвитку системи оподаткування сільгосптоваровиробників
300 _aС.62-76
955 _a0
041 _aukr
080 _a330(477)
773 0 _w125711
_tЕкономіка АПК
_dК.
_d2017
_g7
650 7 _a330 Економіка взагалі
_2UDC
999 _c412941
_d412941